Psicoanálisis, marxismo y utopía / (Record no. 35309)
[ view plain ]
| 000 -CABECERA | |
|---|---|
| campo de control de longitud fija | 01132nam a2200241 a 4500 |
| 001 - NÚMERO DE CONTROL | |
| campo de control | 000035818 |
| 005 - FECHA Y HORA DE LA ÚLTIMA TRANSACCIÓN | |
| campo de control | 20200930074633.0 |
| 008 - DATOS DE LONGITUD FIJA--INFORMACIÓN GENERAL | |
| campo de control de longitud fija | 111114s1979 mx 000 0 spa d |
| 040 ## - FUENTE DE LA CATALOGACIÓN | |
| Centro catalogador/agencia de origen | DO-SdBNP |
| Lengua de catalogación | spa |
| Centro/agencia transcriptor | BNPHU |
| 049 ## - FONDOS LOCALES (OCLC) | |
| Fondos de biblioteca | BNPD |
| 100 1# - ENTRADA PRINCIPAL--NOMBRE DE PERSONA | |
| Nombre de persona | Caruso, Igor A., |
| Fechas asociadas al nombre | 1914- |
| 9 (RLIN) | 61777 |
| 245 10 - MENCIÓN DE TÍTULO | |
| Título | Psicoanálisis, marxismo y utopía / |
| Mención de responsabilidad, etc. | por Igor A. Caruso ; traducción de Rosa Tanco Duque, Raúl Páramo Ortega y Armando Suárez. |
| 250 ## - MENCIÓN DE EDICIÓN | |
| Mención de edición | 2a ed. |
| 260 ## - PUBLICACIÓN, DISTRIBUCIÓN, ETC. | |
| Lugar de publicación, distribución, etc. | México : |
| Nombre del editor, distribuidor, etc. | Siglo Veintiuno Editores, |
| Fecha de publicación, distribución, etc. | 1979. |
| 300 ## - DESCRIPCIÓN FÍSICA | |
| Extensión | 205 p. ; |
| Dimensiones | 16 cm. |
| 490 1# - MENCIÓN DE SERIE | |
| Mención de serie | Mínima ; |
| Designación de volumen o secuencia | 68 |
| 505 0# - NOTA DE CONTENIDO CON FORMATO | |
| Título | Sirve el psicoanálisis de coartada social? -- |
| -- | Contribución al estudio de los conceptos de pulsión de muertre y de agresividad en Freud -- |
| -- | Hacia una psicología social de la conquista del cosmos -- |
| -- | Adquisición o destrucción de la soberanía humana? -- |
| -- | Racionalidad e irracionalidad en el yo colectivo. |
| 590 ## - NOTA LOCAL (RLIN) | |
| Nota local | Perteneció a la biblioteca personal de Juan Isidro Jimenes Grullón |
| 700 12 - PUNTO DE ACCESO ADICIONAL--NOMBRE DE PERSONA | |
| Nombre de persona | Tanco Duque, Rosa |
| 9 (RLIN) | 61778 |
| 700 12 - PUNTO DE ACCESO ADICIONAL--NOMBRE DE PERSONA | |
| Nombre de persona | Páramo Ortega, Raúl |
| 9 (RLIN) | 61779 |
| 700 12 - PUNTO DE ACCESO ADICIONAL--NOMBRE DE PERSONA | |
| Nombre de persona | Suárez, Armando |
| 9 (RLIN) | 61780 |
| 830 #0 - PUNTO DE ACCESO ADICIONAL DE SERIE-TÍTULO UNIFORME | |
| Título uniforme | Mínima ; |
| Designación de volumen o secuencia | 68 |
| 9 (RLIN) | 28232 |
| Estado de retiro | Estado de pérdida | Restricciones de uso | No para préstamo | Código de colección | Localización permanente | Ubicación/localización actual | Ubicación en estantería | Fecha de adquisición | Número de inventario | Total de préstamos | Signatura topográfica completa | Código de barras | Fecha visto por última vez | Precio válido a partir de | Tipo de ítem Koha | Nota pública |
|---|---|---|---|---|---|---|---|---|---|---|---|---|---|---|---|---|
| Excluido de préstamo | Monografías: Libros y Folletos | General | General | En catalogación | 14.11.2011 | LF1 | 35818-10 | 25.06.2020 | 25.06.2020 | No se presta | Perteneció a la biblioteca personal de Juan Isidro Jimenes Grullón. |
